000 00586nam a22001937a 4500
003 OSt
005 20221102170206.0
008 221006b |||||||| |||| 00| 0 eng d
020 _a3-03778-036-3
040 _cBiblioteca Lado V
082 _a779.949
_bE29p
100 _9286
_aEggenberger, Christian
_eeditor
245 _aPhoto Suisse/
260 _aItalia
_bLars Müller Publishers
300 _a100p.
_c17x23cm
650 _2Tesauro de Arte & Arquitectura
_aFOTOGRAFIA
650 _2Tesauro de Arte & Arquitectura
_aSUIZA
942 _2ddc
_c1
_h779.949
_iE29p
_n0
999 _c2468
_d2468